Normal view
MARC view
- HASTIE,ROBERT
Entry Personal Name
001 - CONTROL NUMBER
- control field: 91045
003 - CONTROL NUMBER IDENTIFIER
- control field: NUST
005 - DATE AND TIME OF LATEST TRANSACTION
- control field: 20220419143015.0
008 - FIXED-LENGTH DATA ELEMENTS
- fixed length control field: 220419|| aca||aabn | a|a d
040 ## - CATALOGING SOURCE
- Original cataloging agency: NUST
- Transcribing agency: NUST
100 ## - HEADING--PERSONAL NAME
- Personal name: HASTIE,ROBERT
670 ## - SOURCE DATA FOUND
- Source citation: Work cat.: (NUST): HASTIE,ROBERT., THE ELEMENTS OF STATISTICAL LEARNING /, 2017.
